Statistics for Lord of the Rings by letter - G

Click here to take the quiz!

General Stats

  • This quiz has been taken 988 times
  • The average score is 14 of 19

Answer Stats

HintAnswer% Correct
Wizard of the FellowshipGandalf
100%
Samwise's last nameGamgee
99%
Dwarf of the FellowshipGimli
99%
Colour of previous answerGrey
99%
Lady of LothlorienGaladriel
98%
Country which contains Minas TirithGondor
97%
Father of previous answerGloin
96%
Smeagol, Slinker and StinkerGollum
96%
WormtongueGrima
92%
Sword of GandalfGlamdring
75%
Hamfast Gamgee's nicknameGaffer
66%
Frodo leaves Middle Earth in a boat that departs from theGrey Havens
65%
Eagle called the WindlordGwaihir
62%
River-daughter, wife of Tom BombadilGoldberry
60%
The Battering Ram used for the Gate of Minas TirithGrond
56%
Mt Doom is located on the plain ofGorgoroth
41%
Shagrat kills this orc in the tower of Cirith UngolGorbag
31%
Orc that wanted to take Merry and Pippin for himself in the Forest of FangornGrishnakh
30%
Lord of the Wild Men in the Forest of DruadanGhan-Buri-Ghan
27%

Score Distribution

Percentile by Number Answered

Percent of People with Each Score

Your Score History

You have not taken this quiz